| 000 | 00569cam a2200193ua 4500 | ||
|---|---|---|---|
| 001 | 5578 | ||
| 005 | 20260515113916.0 | ||
| 008 | 160812n ii |||gr||||Z||||||eng | ||
| 020 | _a978-81-7213-153-1 | ||
| 040 | _cMAIN | ||
| 041 | _aeng | ||
| 082 | _a325 | ||
| 245 | _aImmigration and Demographic Transformation in North-East India | ||
| 260 |
_aGuwahati: _bPurbanchal Prakash., _c2012. |
||
| 653 | _aInternational migration & colonization | ||
| 653 | _aImmigration and Demographic Transformation in North-East India | ||
| 700 |
_aBorah,A.C., _eEditor. |
||
| 942 | _cBK | ||
| 999 |
_c4737 _d4737 |
||